004990000a22001330004500090001700000245011400017246011200131044001300243041001400256100003000270942001300300773003500313999001700348 aASbSeriadas10aEstudio palinológico de Cardamine L., Nasturtium R. Br. y Rorippascop. Arabideae, Brassicaceae) en Colombia3 aPalynological study of Cardamine L., Nasturtium R. Br. and Rorippascop.Arabideae, Brassicaceae) in Colombia aColombia0 aEspañol1 aBogotá, Giovanni999581 cARTICULO1 tCaldasiah2q239-257d2002g24 c15362d15362